Elegies

Tallennettuna:
Bibliografiset tiedot
Päätekijä: Chenier, André
Aineistotyyppi: Kirja
Kieli:Undetermined
Julkaistu: París, Francia L. Boulanger [s.f.]
Aiheet:
Tagit: Lisää tagi
Ei tageja, Lisää ensimmäinen tagi!

MARC

LEADER 00000nam a2200000Ia 4500
008 170316s9999 xx 000 0 und d
040 |a cru BVZT 
090 |a 840 Ch-3e 
100 |a Chenier, André 
245 |a Elegies 
260 |a París, Francia 
260 |b L. Boulanger 
260 |c [s.f.] 
300 |a 128 páginas 
650 |a LITERATURA FRANCESA 
999 |c 7624  |d 7624 
942 |c 15 D  |h 840 Ch-3e  |2 z